000 00610nam a2200193Ia 4500
008 240729s9999 xx 000 0 und d
022 _a2405-6316
245 0 _aPhysics and Imaging in Radiation Oncology
260 _aIreland
260 _bElsevier
650 _a Internal medicine
650 _a Medical physics. Medical radiology. Nuclear medicine | Medicine
650 _a Medicine (General)
650 _a Neoplasms. Tumors. Oncology. Including cancer and carcinogens
650 _aMedicine
856 _uhttps://doaj.org/toc/dd4b9b50744642f0b250e227b80039d3
942 _2ddc
942 _cDOAJEJ
999 _c71553
_d71553
945 _a1
_bMadushi Gamage
_c1
_dMadushi Gamage